Normal view
MARC view
- Bardell, Paul H
Entry Personal Name
001 - CONTROL NUMBER
- control field: 103629
003 - CONTROL NUMBER IDENTIFIER
- control field: NUST
005 - DATE AND TIME OF LATEST TRANSACTION
- control field: 20221125143035.0
008 - FIXED-LENGTH DATA ELEMENTS
- fixed length control field: 221125|| aca||aabn | a|a d
040 ## - CATALOGING SOURCE
- Original cataloging agency: NUST
- Transcribing agency: NUST
100 ## - HEADING--PERSONAL NAME
- Personal name: Bardell, Paul H
670 ## - SOURCE DATA FOUND
- Source citation: Work cat.: (NUST)182015: Bardell, Paul H., Built-in test for VLSI :, c1987.
